Southville International School and Colleges
Your cart is empty.
  • Cart
  • Lists
    Public lists Eva Luna New books Lux_list list_1
    Your lists Log in to create your own lists
  • Log in to your account
  • Your cookies
  • Search history
Southville International School and Colleges
  • Advanced search
  • Recent comments
  • Most popular
  • Libraries

Log in to your account

Log in with GOOGLE


If you do not have an external account, but do have a local account, you can still log in:

  1. Home
  2. MARC view: Critical thinking and clinical judgment :
Normal view MARC view ISBD view

Critical thinking and clinical judgment : (Record no. 290881)

[ view plain ]
MARC details
000 -LEADER
fixed length control field 00860nam a2200313Ia 4500
008 - FIXED-LENGTH DATA ELEMENTS--GENERAL INFORMATION
fixed length control field 160216s9999 xx 000 0 und d
020 ## - INTERNATIONAL STANDARD BOOK NUMBER
International Standard Book Number 0-7216-9729-1
050 ## - LIBRARY OF CONGRESS CALL NUMBER
Classification number MAIN RT 86
050 ## - LIBRARY OF CONGRESS CALL NUMBER
Item number .L44 2004
100 ## - MAIN ENTRY--PERSONAL NAME
Personal name LeFevre, Rosalinda Alfaro -
245 ## - TITLE STATEMENT
Title Critical thinking and clinical judgment :
245 ## - TITLE STATEMENT
Remainder of title a practical approach /
245 ## - TITLE STATEMENT
Statement of responsibility, etc Rosalinda Alfaro-LeFevre.
250 ## - EDITION STATEMENT
Edition statement 3rd Edition
260 ## - PUBLICATION, DISTRIBUTION, ETC. (IMPRINT)
Place of publication, distribution, etc St. Louis, Missouri :
260 ## - PUBLICATION, DISTRIBUTION, ETC. (IMPRINT)
Name of publisher, distributor, etc Mosby.
260 ## - PUBLICATION, DISTRIBUTION, ETC. (IMPRINT)
Date of publication, distribution, etc 2004
300 ## - PHYSICAL DESCRIPTION
Extent 300 pages :
300 ## - PHYSICAL DESCRIPTION
Other physical details ill. ;
300 ## - PHYSICAL DESCRIPTION
Dimensions 24 cm.
500 ## - GENERAL NOTE
General note Includes bibliographical references and index.
650 ## - SUBJECT ADDED ENTRY--TOPICAL TERM
Topical term or geographic name as entry element Critical thinking.
650 ## - SUBJECT ADDED ENTRY--TOPICAL TERM
Topical term or geographic name as entry element Decision Making --
650 ## - SUBJECT ADDED ENTRY--TOPICAL TERM
Topical term or geographic name as entry element Judgment --
650 ## - SUBJECT ADDED ENTRY--TOPICAL TERM
Topical term or geographic name as entry element Nursing Process.
650 ## - SUBJECT ADDED ENTRY--TOPICAL TERM
Topical term or geographic name as entry element Nursing.
650 ## - SUBJECT ADDED ENTRY--TOPICAL TERM
General subdivision Nurses' Instruction.
650 ## - SUBJECT ADDED ENTRY--TOPICAL TERM
General subdivision Nurses' Instruction.
Holdings
Withdrawn status Lost status Damaged status Home library Current library Shelving location Date acquired Cost, normal purchase price Total Checkouts Full call number Barcode Date last seen Price effective from Koha item type
      South Mansfield College South Mansfield College Reserve Section   1.00   MAIN RT 86 .L44 2004 SMC02512 02/16/2016 02/16/2016  

Critical thinking and clinical judgment :

APA

LeFevre R. A. ., .Critical thinking and clinical judgment. St. Louis, Missouri: .

Chicago

LeFevre Rosalinda Alfaro, .Critical thinking and clinical judgment. St. Louis, Missouri: .

Harvard

LeFevre R. A. ., .Critical thinking and clinical judgment. St. Louis, Missouri: .

MLA

LeFevre Rosalinda Alfaro, .St. Louis, Missouri: . .

  • Place hold
  • Print
  • Cite
  • Add to your cart (remove)
  • Save record
    BIBTEX Dublin Core MARCXML MARC (non-Unicode/MARC-8) MARC (Unicode/UTF-8) MARC (Unicode/UTF-8, Standard) MODS (XML) RIS
  • More searches
    Search for this title in:
    Other Libraries (WorldCat) Other Databases (Google Scholar) Online Stores (Bookfinder.com) Open Library (openlibrary.org)

Exporting to Dublin Core...

SOUTHVILLE LIBRARY

Southville International School and Colleges Library

1281 Tropical Ave. Cor. Luxembourg St., BF Homes International, Las Pinas City

Tel. No. 8256374 / 252358 Loc. 117/146

Powered by Koha